01330 a2200217 4500001000500000005001700005008004100022003001500063040004000078080003300118245005000151020002200201250001200223264004200235300002500277505061600302100002000918700002800938700003800966856010801004427720260407155432.0260407a2010 arg spa dAR-UNSa-BCEJYS aAR-UNSa-BCEJYSbspacAR-UNSa-BCEJYS a330.101.542xMicroeconomía10aMicroeconomíapversión para Latinoamerica a978-607-442-966-4 a9a. ed. 1aMéxico :bPearson Educaciónc2010 axxxv, 486 p.c27 cm. a1. ¿Qué es la economía? - 2. El problema económico - 3. Oferta y demanda - 4. Elasticidad - 5. Eficiencia y equidad - 6. Acciones de los gobiernos en los mercados - 7. Mercados globales en acción - 8. Utilidad y demanda - 9. Posibilidades, preferencias y elecciones - 10. Organización de la producción - 11. Producción y costos - 12. Competencia perfecta - 13. Monopolio - 14. Competencia monopolística - 15. Oligopolio - 16. Externalidades - 17. Bienes públicos y recursos comunes - 18. Mercados de factores de producción - 19. Desigualdad económica - 20. Incertidumbre e información 1 aParkin, Michael1 aLoría Díaz, Eduardo1 aSánchez Carrión, Miguel Angel41uhttps://biblioeco.unsa.edu.ar/pmb/images/libros/Microeconom?a(9a ed).jpgyImagen de portadaqimage/jpeg